[Event "ICS Rated standard match"]
[Site "207.99.83.229"]
[Date "1999.06.30"]
[Round "?"]
[White "Hossa"]
[Black "BountyHunter"]
[Result "0-1"]
[WhiteElo "2235"]
[BlackElo "2574"]
[Annotator "Fritz 5.32 (22s)"]
[PlyCount "81"]

1. e4 1... e5 {Opening = C70 - 4.Ba4 ---} 2. Nf3 Nc6 3. Bb5 a6 4. Ba4 Bc5 5.
O-O b5 6. d4 $15 (6. Bb3 $5 $11 6... Nf6 (6... d6 7. c3 (7. h3 Nf6 8. c3 O-O 9.
d4 Bb6 10. Bg5 h6 11. Bh4 Bb7 12. Bd5 Re8 13. a4 Qe7 14. axb5 axb5 15. Na3 b4
16. Nc4 g5 17. Rxa8 Rxa8 18. Nxb6 cxb6 19. Bg3 Ra5 20. dxe5 dxe5 21. c4 21...
b5 {Eggers,D-Lutzka,H/Leipzig 1995/ - (62)}) 7... Bg4 8. Bd5 Qd7 9. Bxc6 Qxc6
10. Nxe5 dxe5 (10... Bxd1 11. Nxc6 Be2 12. Re1 Bd3 13. Nb4 Bxb4 14. cxb4 a5 15.
bxa5 b4 16. Re3 Bc2 17. d3 Nf6 18. Nd2 Ng4 19. Rg3 Ne5 20. Nf3 Nxf3+ 21. Rxf3
Rxa5 22. Bd2 c5 23. Rc1 Rxa2 24. Rxc2 b3 25. Rc1 {
Dawid,J-Adolf,A/R10 9/23 Berlin 1897/1-0 (45)}) 11. Qxg4 Nf6 12. Qg3 Qxe4 13.
d4 Bd6 14. Nd2 Qe2 15. Qxg7 Ke7 16. dxe5 Bxe5 17. Qg5 Rhg8 18. Qe3 Qxe3 19.
fxe3 Rg4 20. Nf3 Bd6 21. Rf2 Ke6 22. h4 Rag8 23. Bd2 Ne4 24. Re2 c5 25. Be1 f6
26. Rd1 Bc7 27. Rd3 c4 28. Rd4 28... h5 {
1-0 Gufeld,E-Balinas,R/US Senior op, Las Vegas (4) 1995 (28)}) 7. Nxe5 (7. d3
h6 8. Nc3 O-O 9. a4 b4 10. Ne2 d6 11. h3 Nh5 12. d4 exd4 13. Nexd4 Nxd4 14.
Nxd4 Qh4 15. Nf3 Qxe4 16. Bd5 Qg6 17. Nh4 Qg3 18. Qxh5 Bxh3 19. Bxa8 Bg4 20.
Qxc5 Qxh4 21. Qxb4 Qh5 22. Bc6 d5 23. Ra3 Qf5 24. Rg3 h5 25. Qd4 {
1-0 Sjodahl,O-Kunz,P/Vienna Open 7/6/5 1996 (25)}) 7... Nxe5 8. d4 Ba7 9. dxe5
Ng8 10. Qd5 {1-0 Strikovic,A-Gonzalez Lara,F/Sevilla op 1994 (10)}) 6... exd4 (
{Schwaecher scheint} 6... bxa4 7. dxc5 Nf6 8. Nc3 $14) (6... Nxd4 $6 7. Nxd4
exd4 8. Bb3 $17) 7. Bb3 7... d6 {Sichert e5} 8. a4 Bb7 9. c3 {Befestigt b4}
9... dxc3 10. Nxc3 $17 (10. axb5 c2 11. Qxc2 axb5 12. Rxa8 12... Bxa8 $15)
10... b4 11. Nd5 Na5 12. Bc2 Ne7 13. Nf4 O-O 14. Ng5 h6 15. Nf3 Nec6 16. Kh1
Re8 17. Bb1 Ne5 18. Nxe5 dxe5 19. Nd3 Bb6 20. f3 c5 21. Qc2 Qd4 22. Qe2 Nb3 23.
Be3 Qd6 (23... Nxa1 24. Bxd4 exd4 25. Ba2 $16) 24. Ra2 c4 25. Bxb6 Qxb6 (25...
cxd3 $6 26. Qxd3 Qxb6 27. Qxb3 $17) 26. Nc1 26... Na5 {Will b3 spielen} 27. f4
exf4 28. Rxf4 b3 29. Ra3 c3 (29... Qd4 30. Rf2 $19) 30. Bd3 (30. bxc3 $4 {
vergiftet...} 30... Qd6 31. Nd3 31... Qxa3 $19) 30... Rad8 31. Rf1 Re7 (31...
cxb2 {damit wuerde Schwarz es sich noch erleichtern} 32. Qxb2 Bxe4 33. Bxe4
Rxe4 34. h3 $19) 32. e5 (32. h3 32... Red7 $19) 32... Rde8 33. bxc3 Rxe5 34.
Qd2 Rg5 35. Rg1 b2 36. Na2 (36. Nb3 Bxg2+ 37. Qxg2 Rxg2 38. Kxg2 Nxb3 39. Rxb3
39... Qxb3 $19) 36... Nc4 {Mit der Mattdrohung Nxd2} 37. Bxc4 37... b1=Q {
Droht Matt: Q6xg1.} 38. Nc1 {Wenn Weiss jetzt zu Ra2 kaeme...} 38... Rxg2 39.
Qxg2 (39. Rxg2 {waere gleichermassen fruchtlos} 39... Qe4 $1 {
zwingend und schoen} 40. Bxf7+ Kxf7 41. h3 Qe1+ 42. Qxe1 Rxe1+ 43. Kh2 Qc7+ 44.
Rg3 Rh1#) 39... Bxg2+ 40. Rxg2 (40. Kxg2 {aendert nichts mehr} 40... Q6g6+ 41.
Kh3 Qbf5+ 42. Rg4 Qfxg4#) 40... Qxc1+ 41. Rg1 (41. Bf1 {hilft auch nicht mehr}
41... Qxf1+ 42. Rg1 Qbxg1#) 0-1

[Event "ICS rated blitz match"]
[Site "207.99.83.229"]
[Date "1999.06.30"]
[Round "?"]
[White "Hossa"]
[Black "SubtleOne"]
[Result "0-1"]
[WhiteElo "2427"]
[BlackElo "2627"]
[Annotator "Fritz 5.32 (22s)"]
[PlyCount "127"]

1. e4 1... e5 {Opening = C69 - 4.Bc6 dc6 5.0-0 f6 6.d4} 2. Nf3 Nc6 3. Bb5 a6 4.
Bxc6 dxc6 5. O-O f6 6. d4 Bg4 7. dxe5 Qxd1 8. Rxd1 fxe5 9. Rd3 Bd6 10. Nbd2 Nf6
11. Nc4 {Isolierte Bauern sind verwundbar} 11... O-O 12. Nfxe5 Be2 13. Re3 Bxc4
14. Nxc4 Bc5 15. Re1 Rae8 16. Be3 Bxe3 17. fxe3 $11 (17. Rxe3 $5 17... Rxe4 18.
Rxe4 Nxe4 19. Rf1 $11) 17... Nxe4 {Der Springer ist gut postiert} (17... Rxe4
18. Nd2 Re6 19. Rad1 $15) 18. Re2 $15 (18. Rf1 b5 19. Na5 19... c5 $11) 18...
b5 19. Na5 c5 20. c4 Re6 21. cxb5 axb5 22. a4 bxa4 23. Rxa4 Ra8 24. Ra3 Rb6 25.
Nc4 25... Rxa3 {Droht Matt} 26. Nxa3 Rb4 27. g3 Kf7 28. Kg2 Ke6 29. Kf3 Ke5 30.
h3 $15 (30. Rc2 30... h5 $11) 30... Ng5+ 31. Kg2 31... Ke4 {
Schwarz aktiviert den Koenig} 32. Kf1 Nxh3 33. Kg2 $17 (33. Rc2 33... g6 $15)
33... Ng5 34. Rf2 $19 (34. Kf2 Kd3 35. Nc2 Ne4+ 36. Kf3 Nd2+ 37. Rxd2+ Kxd2 38.
Nxb4 38... cxb4 $11) 34... Kd3 35. Nc2 Rb8 36. Ne1+ Kxe3 37. Nc2+ Kd3 38. Ne1+
Ke4 39. Kf1 Rb3 40. Kg2 h5 41. Rf4+ (41. Rc2 41... Ne6 $19) 41... Ke5 {
Schwarz haelt das Heft fest in der Hand} 42. Rf2 Ne4 43. Nf3+ Kd5 44. Re2 g5
45. g4 45... hxg4 {Droht Matt: gxf3} 46. Nh2 Kd4 47. Kg1 Rg3+ 48. Kf1 (48. Rg2
{waere gleichermassen fruchtlos} 48... Rxg2+ 49. Kxg2 49... Nf6 $19) 48... Kd3
49. Re1 (49. Rg2 {hilft allerdings auch nicht} 49... Rxg2 50. Kxg2 50... Nf6
$19) 49... Nd2+ 50. Kf2 Rh3 51. Nxg4 Ne4+ 52. Rxe4 Kxe4 53. Ke2 (53. Nf6+ {
holt die Kuh nicht vom Eis} 53... Kf5 54. Nd7 54... c4 $19) 53... Kf4 54. Nf6
Rh2+ 55. Kd3 g4 56. Nd5+ (56. Nxg4 {macht keinen grossen Unterschied} 56...
Kxg4 57. b3 57... Kf4 $19) 56... Kf3 57. b3 g3 58. Ne3 58... Rh8 {
Mit der Mattdrohung Rd8} 59. Nc2 Kf2 60. Kc4 60... g2 {Es droht Matt} 61. Kb5
61... g1=Q {Droht Matt} 62. Na3 (62. Nd4 {
kann das Vorangegangene nicht ungeschehen machen} 62... cxd4 63. Kc4 Rh5 64.
Kxd4 Kf3+ 65. Kc3 Qe3+ 66. Kb4 Qd4+ 67. Ka3 Ra5#) 62... Rb8+ 63. Kc6 (63. Kxc5
{aendert nichts am Ausgang der Partie} 63... Ke2+ 64. Kd5 Rd8+ 65. Ke4 Qc5 66.
Nc2 Qc6+ 67. Kf5 Rf8+ 68. Ke5 Qd6+ 69. Ke4 Rf4#) 63... Qg6+ (63... Rb6+ 64. Kd5
Qd1+ 65. Kxc5 Qd6+ 66. Kc4 Rc6+ 67. Kb5 Qc5+ 68. Ka4 Ra6#) 64. Kxc5 0-1

[Event "ICS rated blitz match"]
[Site "207.99.83.229"]
[Date "1999.06.30"]
[Round "?"]
[White "Zavros"]
[Black "Hossa"]
[Result "1/2-1/2"]
[WhiteElo "2272"]
[BlackElo "2422"]
[Annotator "Fritz 5.32 (22s)"]
[PlyCount "80"]

1. e4 1... e5 {Opening = C69 - 4.Bc6 dc6 5.0-0 f6 6.d4} 2. Nf3 Nc6 3. Bb5 a6 4.
Bxc6 dxc6 5. O-O f6 6. d4 Bg4 7. dxe5 Qxd1 8. Rxd1 fxe5 9. Rd3 Bd6 10. Nbd2 Nf6
11. h3 Bxf3 12. Nxf3 Nxe4 13. Re3 Nf6 14. Nxe5 O-O 15. Bd2 Rad8 16. Rd1 16...
Nd5 $146 (16... Rfe8 17. Nd3 Re4 18. Rxe4 Nxe4 19. Kf1 Rf8 20. Be3 Rf5 21. Ke2
Kf7 22. f4 Ke6 23. c4 b6 24. g4 Rf8 25. Bd4 g6 26. Kf3 Nc5 27. Re1+ Kf7 28.
Bxc5 bxc5 29. Ne5+ Kg7 30. Re4 a5 31. Nxc6 a4 32. Ne5 Rb8 33. Nd3 Rf8 34. h4 h5
35. gxh5 gxh5 36. Re6 Rf5 37. Ke4 {1-0 Nelson,R-Brian,C/IECC 1995 (37)}) 17.
Ree1 Bxe5 18. Rxe5 Nb4 19. c3 Rxf2 20. Kxf2 Nd3+ 21. Ke2 Nxe5 22. b3 Kf7 23.
Bf4 Rxd1 24. Kxd1 Kf6 25. Bxe5+ $17 (25. g4 25... c5 $15) 25... Kxe5 26. Ke2 g5
27. Ke3 h5 28. Kf3 c5 29. Ke3 b5 30. c4 $2 $19 (30. g3 $5 $17 $142) 30... b4
31. g3 (31. Kd3 Kf4 32. Ke2 $19) 31... Kf6 $17 (31... h4 $19 $142 {
und Schwarz gewinnt}) 32. Ke4 32... Ke6 $11 (32... c6 33. h4 $15) 33. h4 g4 34.
Kf4 Kf6 35. Ke4 c6 36. Kf4 a5 37. Ke4 Ke6 38. Kf4 Kf6 39. Ke4 Ke6 40. Kf4 Kf6
1/2-1/2

[Event "ICS rated standard match"]
[Site "207.99.83.229"]
[Date "1999.06.30"]
[Round "?"]
[White "fiancheto2"]
[Black "Hossa"]
[Result "1-0"]
[WhiteElo "1997"]
[BlackElo "2231"]
[Annotator "Fritz 5.32 (22s)"]
[PlyCount "68"]

1. d4 1... d5 {Opening = D11 - 3.Nf3(Nf6 4.e3 ---)} 2. c4 c6 3. Nf3 Nf6 4. g3
4... e5 $14 (4... Bf5 5. Bg2 e6 6. O-O Nbd7 7. Nc3 h6 8. cxd5 exd5 9. Ne5 Bd6
10. Bf4 Qe7 11. Nxd7 Qxd7 12. Bxd6 Qxd6 13. f3 Qd7 14. e4 dxe4 15. fxe4 Bh3 16.
Bxh3 Qxh3 17. e5 Nd7 18. e6 fxe6 19. Ne4 {
Muender Michael-Schmidt Rainer/Bundesliga 1986/ - (30)}) (4... dxc4 $5 $142 {
ist die kritische Fortsetzung} 5. Bg2 5... b5 $15) 5. Nxe5 Bd6 6. Bg2 O-O (6...
Be6 7. Qb3 Qe7 8. cxd5 Bxd5 9. Bxd5 Nxd5 10. Nc4 Bb4+ 11. Bd2 $16) 7. cxd5 cxd5
8. Nc3 Nc6 (8... Qb6 9. Bf4 $16 (9. Nxd5 {waere weniger gut} 9... Nxd5 10. O-O
10... Bxe5 $19)) 9. Bf4 (9. Nxd5 {bringt nichts} 9... Nxd5 10. Nxc6 10... bxc6
$17) (9. Bxd5 $6 9... Nxd5 10. Nxd5 Qa5+ 11. Nc3 Nxe5 12. dxe5 12... Bxe5 $14)
9... Ne7 10. Qb3 Nc6 (10... Be6 11. O-O $16) 11. Rd1 Na5 12. Qa4 Be6 13. Nxf7
Rxf7 14. Bxd6 Nc4 15. Ba3 Rc8 16. O-O (16. Qxa7 Ra8 17. Qc5 17... Rc7 $18)
16... Rc6 17. e4 (17. Qxa7 {ist naheliegend und schlecht} 17... b5 18. Qc5 Rxc5
19. Bxc5 19... Nxb2 $19) 17... dxe4 (17... Nxa3 18. exd5 Nxd5 19. Bxd5 Bxd5 20.
Qxa3 $18) 18. Nxe4 {Der Freibauer d4 ist ein wichtiges Motiv} (18. Qxa7 $2 {
scheitert an} 18... b5 19. Qxf7+ Bxf7 20. Nxe4 Nxe4 21. Bxe4 21... Ra6 $19) (
18. Bxe4 $6 18... Nxe4 19. Nxe4 19... Bg4 $18) 18... Ra6 19. Qb4 Nxe4 20. Bxe4
Nxa3 21. bxa3 Bxa2 22. Rfe1 ({Nachteilig ist} 22. Bxb7 22... Rb6 23. Qd2 23...
Bb3 $14) 22... Rb6 23. Qc5 {Weiss plant d5} 23... Kh8 24. Bxh7 Rc6 25. Qh5 {
Droht Matt} 25... Rh6 26. Qe2 Be6 (26... Bd5 27. Bc2 $18) 27. d5 Bh3 28. Bc2
Rf8 (28... Bd7 29. d6 $18) 29. Qe7 {Ermoeglicht auch d6} 29... Qb8 (29... Qc8
30. d6 30... Bd7 $18) 30. d6 Bg4 (30... Qd8 {hilft auch nicht mehr} 31. d7 Bxd7
32. Rxd7 Qxe7 33. Rexe7 $18) 31. d7 $1 {logisch und kraftvoll. Droht Matt: d8Q}
31... Bxd7 (31... Bxd1 {ist vielleicht noch ein Schwindelversuch} 32. Qxf8+ $3
{dieses energische Opfer ist entscheidend} 32... Qxf8 $18) 32. Rxd7 {
Mit der Mattdrohung Qxg7} 32... Rg8 33. Re6 (33. Qg5 Qd6 34. Rxg7 Rd8 35. Rf7
Qf6 36. Rxf6 Rh3 37. Rh6+ Rxh6 38. Qxh6+ Kg8 39. Bb3+ Rd5 40. Bxd5#) 33... Rh7
{Wenn Schwarz nun zu Qf8 kommt, geht es ihm besser} 34. Bxh7 Qc8 (34... Qf8 {
hilft allerdings auch nicht} 35. Qh4 Qxf2+ 36. Kxf2 Rb8 37. Bf5+ Kg8 38. Qh7+
Kf8 39. Qxg7#) 1-0

[Event "ICS rated blitz match"]
[Site "207.99.83.229"]
[Date "1999.06.30"]
[Round "?"]
[White "Hossa"]
[Black "brutus"]
[Result "1-0"]
[WhiteElo "2415"]
[BlackElo "2149"]
[Annotator "Fritz 5.32 (22s)"]
[PlyCount "83"]

1. d4 1... Nf6 {Opening = C12 - 4.Bg5 Bb4} 2. Nc3 d5 3. Bg5 e6 4. e4 Bb4 5. e5
h6 6. Bh4 g5 7. Bg3 Ne4 8. Nge2 c5 9. a3 Bxc3+ 10. Nxc3 Nxc3 (10... Qa5 11. Qd3
Nc6 12. dxc5 Bd7 13. O-O-O Nxc3 14. Qxc3 Qxc3 15. bxc3 Rc8 16. h4 Rg8 17. hxg5
hxg5 18. f3 g4 19. fxg4 Rxg4 20. Rh3 Rxg3 21. Rxg3 Nxe5 22. Rg8+ Ke7 23. Rxc8
Bxc8 24. Rd4 Bd7 25. c4 {Landa,K-Minasian,A/Linares ESP 1999/1-0 (52)}) 11.
bxc3 11... c4 $14 {Schwarz engt den Gegner ein} (11... cxd4 12. cxd4 Nc6 13. c3
Qa5 14. Qd2 Bd7 15. Be2 Rc8 16. h4 g4 17. O-O Ne7 18. Rfc1 Nf5 19. Bxg4 Nxg3
20. fxg3 h5 21. Bf3 Kf8 22. Kh2 Be8 23. Ra2 b5 24. Qg5 Qd8 25. Qe3 a5 26. Qe2 {
Steiner,L-Lichtenstein,T/Vienna 1935/1-0 (56)}) (11... Qa5 12. Qd2 Nc6 13. h4 (
13. dxc5 Bd7 14. c4 Qxc5 15. cxd5 exd5 16. Bd3 O-O-O 17. O-O Qe7 18. f4 Rde8
19. Rae1 gxf4 20. Qxf4 Be6 21. Qa4 Rhg8 22. Rf4 Kb8 23. Rb1 Rc8 24. Rh4 Ka8 25.
Qf4 Rg5 26. Rxh6 Rcg8 27. Qf6 27... Qxa3 {- Kostic,B-Donner/Beverwijk 1952 (27)
}) 13... Rg8 14. hxg5 hxg5 15. dxc5 Qxc5 16. Rb1 Qxa3 17. Be2 b6 18. O-O Bd7
19. Ra1 Qc5 20. Rfb1 Na5 21. Rb4 Rc8 22. c4 dxc4 23. Rd1 Bc6 24. Bf3 Bxf3 25.
Qd7+ Kf8 26. gxf3 Kg7 27. Qd2 Kg6 28. Rbb1 Nc6 29. f4 Ne7 30. fxg5 Nf5 31. Qf4
Rh8 32. Kg2 Rh5 33. Rh1 Rch8 34. Rbd1 Rxh1 35. Rxh1 Qd5+ 36. f3 Rxh1 37. Kxh1
Nxg3+ 38. Qxg3 Qd1+ 39. Kg2 Qxc2+ 40. Kf1 Qd1+ 41. Kf2 Qd2+ 42. Kf1 Qxg5 43.
Qe1 Qf4 44. Kg2 Kg7 45. Qb4 Qd4 46. Qe1 c3 47. Qg3+ Kf8 48. Kh3 c2 49. Qg5 Qd1
50. Qh6+ Ke8 51. Qh8+ Kd7 52. Qf6 c1=Q 53. Qxf7+ Kc8 54. Qe8+ Qd8 55. Qxe6+
55... Qd7 {0-1 Schories,G-Znosko Borovsky,E/Ostende-B 1907 (55)}) (11... Nc6
12. dxc5 Qa5 13. Qd2 $11) 12. Be2 12... Nc6 {
Leitet das Manoever Sb8-c6-e7-f5-e3 ein} 13. f4 Ne7 14. O-O $15 (14. Qd2 14...
Nf5 $14) 14... Nf5 15. Bf2 gxf4 16. Bg4 16... Ne3 $14 {
Laesst den Springer von der Leine} (16... Nh4 $5 $11 {ist zu beachten}) 17.
Bxe3 17... fxe3 {Der Freibauer marschiert} 18. Qf3 (18. Bh5 18... Rf8 $16)
18... Qe7 $16 (18... Rf8 $5 $14) 19. Bh5 Bd7 (19... O-O 20. Qxe3 f5 21. exf6
Rxf6 22. Qg3+ Kh7 23. Rxf6 Qxf6 24. Rf1 $18) 20. Bxf7+ Kd8 21. Qxe3 21... Kc7
$18 (21... Rf8 22. Bh5 $16) 22. Qf4 $16 (22. Rf6 22... Rad8 $18) 22... Raf8 23.
Qf6 Qxf6 (23... Kd8 24. Rab1 b6 25. Qxe7+ Kxe7 26. Bg6 $16) 24. Rxf6 (24. exf6
$2 24... Rxf7 25. Rf4 25... Rhf8 $19) 24... Kd8 25. Raf1 Ke7 26. Bg6 Rxf6 27.
exf6+ {f6 setzt sich schnell in Bewegung} 27... Kd6 28. f7 Ke7 29. Kf2 Ba4 30.
Kg3 b6 31. Kg4 Bd7 32. Kh5 Kf8 33. h4 Bc8 34. g4 Bd7 35. g5 hxg5+ 36. Kxg5 {
Der Freibauer h4 wird schnell zu einer gefaehrlichen Waffe} 36... Kg7 37. h5 {
Es droht Matt} 37... Kf8 38. h6 Bc8 (38... e5 {ist der letzte Strohhalm} 39.
dxe5 39... Bc8 $18) 39. h7 {Es droht Matt} 39... Bd7 {
Mit Rxh7 waere Schwarz nun aus dem Groebsten heraus} 40. Kf6 Bc8 (40... Rxh7 {
nuetzt auch nichts mehr} 41. Bxh7 Be8 42. Bg6 Bxf7 43. Bxf7 b5 44. Rg1 e5 45.
Rg8#) 41. Rg1 Bd7 (41... a6 {aendert nichts mehr} 42. Bh5 e5 43. Rg8+ Rxg8 44.
fxg8=Q#) 42. Bf5 (42. Bf5 exf5 43. Rg8+ Rxg8 44. fxg8=Q#) 1-0

[Event "ICS rated blitz match"]
[Site "207.99.83.229"]
[Date "1999.06.30"]
[Round "?"]
[White "SubtleOne"]
[Black "Hossa"]
[Result "0-1"]
[WhiteElo "2639"]
[BlackElo "2421"]
[Annotator "Fritz 5.32 (22s)"]
[PlyCount "182"]

1. e4 1... e5 {Opening = C45 - 3.d4 ed4 4.Nd4} 2. Nf3 Nc6 3. d4 exd4 4. Nxd4
Nf6 5. Nxc6 bxc6 6. e5 Qe7 7. Qe2 Nd5 8. c4 Ba6 9. b3 O-O-O 10. g3 f6 (10... g6
11. Ba3 Nb4 12. f4 g5 13. Bb2 gxf4 14. a3 Nd5 15. Qf2 Ne3 16. gxf4 Nxf1 17.
Rxf1 d5 18. Nd2 Kb8 19. O-O-O Rg8 20. Rg1 Rg6 21. Kb1 Qd7 22. f5 Rxg1 23. Rxg1
Bh6 24. Ka2 Bxd2 25. Qxd2 {
De la Villa Garcia,J-Illescas Cordoba,M/Pamplona ESP 1999/ - (36)}) 11. Bb2 (
11. Bg2 fxe5 12. O-O Nf6 13. Ba3 Qe6 14. Qd2 e4 15. Qa5 c5 16. Bxc5 Bxc5 17.
Qxc5 Qb6 18. Qxb6 axb6 19. Re1 Rhe8 20. Nc3 Bb7 21. a4 d5 22. cxd5 Bxd5 23. a5
bxa5 24. Rxa5 Bb7 25. Rb5 25... Rd6 {
Morozevich,A-Huzman,A/Amsterdam DONNER 1995/1-0 (46)}) 11... Qb4+ $146 (11...
fxe5 12. Bg2 h5 (12... Re8 13. Nd2 Qf6 14. O-O Nb6 15. Rad1 Qf5 16. Be4 Qe6 17.
Rfe1 Bc5 18. Bf3 Qf5 19. a4 Bb4 20. Bh5 g6 21. Bg4 Qg5 22. Bxe5 h5 23. Bh3 Rhf8
24. f4 Qe7 25. Qg2 Bb7 26. Kf1 c5 27. Qf2 {
Schroeder,C-Kallisto,C/Indianapolis, IN USA 1993/1-0 (37)}) 13. O-O h4 14. Qxe5
Qxe5 15. Bxe5 Re8 16. Bd4 c5 17. Bc3 Nxc3 18. Nxc3 Bd6 19. Ne4 Be5 20. Nxc5
Bxa1 21. Rxa1 Rh6 22. Rd1 hxg3 23. hxg3 Re7 24. Bf3 Kd8 25. a4 Bc8 26. b4 {
Stefansson,H-(NED),T/Oviedo 25' 1993/ - (50)}) 12. Nd2 fxe5 13. a3 ({
Schlechter scheint} 13. Bxe5 13... Re8 14. f4 14... d6 $15) 13... Qb6 14. Qxe5
Bc5 15. Qxg7 $17 (15. O-O-O $5 $142 {sieht noch spielbar aus} 15... Nf6 16. b4
$16) 15... Rdg8 $11 (15... Bxf2+ 16. Kd1 Ne3+ 17. Kc1 Nxf1 18. Rxf1 18... Be3
$17) 16. Qxh8 Bxf2+ 17. Kd1 Rxh8 18. Bxh8 Ne3+ 19. Kc1 $15 (19. Ke2 Nxc4 20.
bxc4 Qe3+ 21. Kd1 21... Be1 $15) 19... c5 20. Be2 Bb7 21. Kb2 Qh6 22. Bc3 Bxh1
23. Rxh1 Bxg3 24. Ne4 Bxh2 25. Bd3 Qh3 26. Re1 d6 27. Nf6 h6 28. Be4 Bf4 29. a4
(29. Nd5 {hilft auch nicht mehr} 29... Nxd5 30. Bxd5 Qh2+ 31. Kb1 31... Bd2 $19
) 29... Qg3 30. Nd5 30... Nxd5 {Mit der Mattdrohung Qxc3} 31. Bxd5 Be5 32. Rc1
Bxc3+ (32... h5 $5 {ist genauer} 33. Bxe5 Qxe5+ 34. Rc3 $19) 33. Rxc3 Qf2+ 34.
Rc2 Qd4+ 35. Ka2 (35. Rc3 {nuetzt auch nichts mehr} 35... Qe5 $19) 35... Kd7
36. Re2 Qc3 37. Be6+ Ke7 38. Bd5+ Kf6 39. Rh2 Kg5 40. Rg2+ Kf4 41. Rf2+ 41...
Kg5 $11 (41... Kg4 $19 $142 {ist der schnellste Weg}) 42. Rg2+ Kh5 43. Rh2+ Kg4
44. Rg2+ Kf5 45. Rf2+ Kg6 (45... Ke5 {und Schwarz haette es noch leichter} 46.
Rh2 Qc1 47. a5 $19) 46. Rg2+ Kh7 47. Be4+ Kh8 48. Bd5 Qe1 49. Rg8+ Kh7 50. Rc8
Qa5 51. Kb1 Qb6 52. Be4+ Kg7 53. Ka2 (53. Kc2 {
aendert den traurigen Lauf der Dinge nicht} 53... Kf6 $19) 53... Kf6 54. Rh8
Kg5 55. Rf8 a5 56. Rf5+ Kg4 57. Rf7 Qb8 58. Bd5 Kh4 (58... h5 {
waere im Gewinnsinne praeziser} 59. Kb2 $19) 59. Rh7 (59. Kb2 {
holt die Kuh nicht vom Eis} 59... h5 $19) 59... Kg5 60. Rg7+ Kf6 61. Rf7+ Kg6
62. Rd7 h5 63. Bc6 h4 64. Bd5 (64. Re7 {
kann das Vorangegangene nicht ungeschehen machen} 64... Qd8 65. Rd7 65... Qc8
$19) 64... Kf5 (64... h3 $5 {damit wuerde Schwarz es sich noch erleichtern} 65.
Bc6 $19) 65. Rh7 Kg4 66. Rg7+ Kf4 67. Rh7 Kg3 68. Rg7+ Kh2 69. Rg2+ Kh3 70. Rg7
Qc8 71. Bc6 Qf8 72. Rxc7 Qf2+ 73. Ka1 d5 74. Bd7+ Kg3 (74... Kh2 {ist genauer}
75. cxd5 Qd4+ 76. Kb1 Qxd5 77. Bb5 Qf5+ 78. Ka2 Qc2+ 79. Ka1 Qxb3 80. Rc8 $19)
75. cxd5 Qd4+ 76. Ka2 Qd2+ 77. Ka1 (77. Kb1 {
bot noch bessere Widerstandsmoeglichkeiten} 77... Qxd5 78. Bc6 Qf5+ 79. Ka2 $19
) 77... Qxd5 78. Ka2 Qf7 (78... Qd6 {ginge schneller} 79. Ra7 Qd2+ 80. Kb1 $19)
79. Kb2 h3 80. Rxc5 (80. Bxh3 {macht keinen grossen Unterschied} 80... Qxc7 81.
Bf1 81... Kf4 $19) 80... Qxd7 81. Rc3+ Kf4 82. Rc4+ Kg5 83. Rc5+ 83... Qf5 {
Mit der Mattdrohung Qxc5} 84. Rxf5+ Kxf5 85. b4 axb4 86. Kb3 h2 87. Kxb4 87...
h1=Q {Droht Matt: Qc6} 88. Kc5 88... Qe4 {Droht Matt} 89. a5 (89. Kd6 {
aendert den traurigen Lauf der Dinge nicht} 89... Qxa4 90. Ke7 Qc6 91. Kf7 Qd7+
92. Kf8 Kf6 93. Kg8 Qg7#) 89... Ke5 90. Kb6 Qc4 91. Kb7 (91. a6 {
aendert nichts am Ausgang der Partie} 91... Kd6 92. a7 Qc6+ 93. Ka5 Kc5 94.
a8=Q Qxa8#) 91... Kd6 (91... Kd6 92. Ka7 Kc6 93. a6 Kc7 94. Ka8 Qxa6#) 0-1